Ekonomické časové řady
Salvato in:
| Autore principale: | |
|---|---|
| Altri autori: | |
| Natura: | Libro |
| Lingua: | ceco |
| Pubblicazione: |
Praha
Professional Publishing
2009
|
| Edizione: | 1. vyd. |
| Soggetti: | |
| Tags: |
Nessun Tag, puoi essere il primo ad aggiungerne!!
|
MARC
| LEADER | 00000nam a2200000 4500 | ||
|---|---|---|---|
| 001 | 0157000 | ||
| 005 | 20240226134034.8 | ||
| 020 | |a 978-80-86946-85-6 | ||
| 041 | 0 | |a cze | |
| 044 | |a CZ | ||
| 245 | 1 | 0 | |a Ekonomické časové řady |c Josef Arlt, Markéta Arltová |
| 250 | |a 1. vyd. | ||
| 264 | 1 | |a Praha |b Professional Publishing |c 2009 | |
| 300 | |a 290 s. | ||
| 610 | 2 | 0 | |a rady časové |
| 610 | 2 | 0 | |a modely lineárne |
| 610 | 2 | 0 | |a modely ekonometrické |
| 610 | 2 | 0 | |a modely |
| 610 | 2 | 0 | |a modelovanie |
| 100 | 1 | |a Arlt, Josef | |
| 700 | 1 | |a Arltová, Markéta | |